|
|
|
|
| LEADER |
00000nam a2200000 a 4500 |
| 001 |
vtls012130560 |
| 003 |
SK-MaSNL |
| 005 |
20260301191837.0 |
| 008 |
220411s1758 hu 0 0n0 lat |
| 015 |
|
|
|a SNBHFA
|
| 040 |
|
|
|a SNKHF
|b slo
|c SNK
|e AACR2
|
| 041 |
0 |
|
|a lat
|
| 044 |
|
|
|a hu
|c HU
|
| 072 |
|
7 |
|a 101
|x Filozofia
|2 konspekt
|
| 080 |
|
|
|a 101
|2 2011
|
| 130 |
0 |
|
|a Positiones
|9 443950
|
| 245 |
1 |
0 |
|a Quos D. O. M. Uni & Trino D.D.D. Cum Positiones Ex Universa Philosophia
|b Apud Clericos Regulares Pauperum Matris Dei Scholarum Piarum
|c Propugnaret Reverendus Nobilis, ac Eruditus Dominus Andreas Kiss, E Dioecesi Quinque-Ecclesiensi Clericus pestini VIII. Id. Septemb. M.DCC.LVIII.
|
| 246 |
3 |
0 |
|a Positiones Ex Universa Philosophia
|
| 260 |
|
|
|a Budae
|b Typis Leopoldi Francisci Landerer, Ad Auream Navem
|c M.DCC.LVIII. [1758]
|
| 300 |
|
|
|a [14] s.
|c 21 cm
|
| 500 |
|
|
|a Ozdobné iniciály. Vineta. Zložky. Kustody
|
| 501 |
|
|
|a Prív. 1. k: JOSEPHUS FLAVIUS. De Bello Judaico. Tyrnaviae : Typis Academicis Societatis Jesu, 1755.
|5 SNK SC 79523/prív.1
|
| 504 |
|
|
|a Venovanie
|
| 650 |
0 |
7 |
|a filozofia
|2 SNKPH
|
| 655 |
|
7 |
|a promočné tlače
|2 SNKPH
|9 73127
|
| 700 |
1 |
|
|a Kiss, Andreas
|4 dis
|9 568991
|
| 700 |
1 |
|
|a Landerer, Lipót Ferenc
|4 prt
|9 220077
|
| 752 |
|
|
|a Maďarsko
|d Budapešť
|
| 852 |
|
|
|a snk
|p SC 79523/prív.1
|
| 958 |
|
|
|a DD
|
| 958 |
|
|
|a ONDV
|
| 999 |
|
|
|c 872425
|d 874355
|
| 952 |
|
|
|a SNK
|b SNK
|y PREZ
|7 0
|p 17A1484984
|o snkSC 79523/prív.1
|i snkF 1689/91
|8 5
|0 0
|1 0
|4 0
|d 2022-04-11
|l 0
|r 2026-02-24 05:47:22
|w 2026-02-24
|